[Event "BL 1516 Turm Emsdetten - SV Mülheim No"]
[Site "?"]
[Date "2016.04.10"]
[Round "13.3"]
[White "Fridman, Daniel"]
[Black "Burg, Twan"]
[Result "1/2-1/2"]
[WhiteElo "2622"]
[BlackElo "2494"]
[PlyCount "89"]
[EventDate "2016.??.??"]

1. Nf3 d5 2. g3 g6 3. Bg2 Bg7 4. d4 Nf6 5. O-O c6 6. Nbd2 O-O 7. c4 Bf5 8. b3
Ne4 9. Bb2 Nd7 10. Nh4 Nxd2 11. Qxd2 Be6 12. Nf3 dxc4 13. Ng5 cxb3 14. Nxe6
fxe6 15. Qe3 bxa2 16. Qxe6+ Kh8 17. Rxa2 Nb6 18. Rfa1 Nd5 19. Bxd5 Qxd5 20.
Qxd5 cxd5 21. Rxa7 Rxa7 22. Rxa7 Rb8 23. e3 Kg8 24. Ba3 Kf7 25. Bb4 Ke8 26. Ra5
b5 27. Ra7 Bf8 28. h4 h5 29. Ra6 e6 30. Bxf8 Kxf8 31. Rxe6 b4 32. Rc6 b3 33.
Rc1 b2 34. Rb1 Ke7 35. Kf1 Ke6 36. Ke2 Kf5 37. f3 Rb3 38. Kd2 g5 39. hxg5 Kxg5
40. Ke2 Kf5 41. Kf2 Rb8 42. Kg2 Rb3 43. Kf2 Rb8 44. Kg2 Rb3 45. Kf2 1/2-1/2

[Event "BL 1516 Turm Emsdetten - SV Mülheim No"]
[Site "?"]
[Date "2016.04.10"]
[Round "13.4"]
[White "Hector, Jonny"]
[Black "Landa, Konstantin"]
[Result "1/2-1/2"]
[WhiteElo "2493"]
[BlackElo "2618"]
[PlyCount "130"]
[EventDate "2016.??.??"]

1. e4 c6 2. d4 d5 3. Nd2 dxe4 4. Nxe4 Bf5 5. Ng3 Bg6 6. Nh3 Nd7 7. Nf4 Ngf6 8.
Be2 Qc7 9. O-O e6 10. c4 Bd6 11. Nxg6 hxg6 12. Bf3 O-O 13. Be3 Rfe8 14. Rc1 e5
15. c5 Bf8 16. d5 cxd5 17. Bxd5 Rad8 18. Qb3 Nxd5 19. Qxd5 Nxc5 20. Rxc5 Bxc5
21. Qxc5 Qxc5 22. Bxc5 Rd2 23. Ba3 Red8 24. Ne4 Rd1 25. Nc3 Rxf1+ 26. Kxf1 Rd2
27. Ke1 Rc2 28. Nd1 f6 29. Ne3 Rc8 30. Bb4 Kf7 31. Bc3 Ke6 32. h4 Rh8 33. g3
Rh5 34. Ng2 Rh8 35. Ke2 Rc8 36. f4 exf4 37. Nxf4+ Kf7 38. Bd4 Rc4 39. Kd3 Ra4
40. a3 Ra5 41. Bc3 Ra4 42. Bb4 Ra6 43. Bc5 Ra5 44. Kc4 b6 45. Bb4 Rf5 46. Ne2
g5 47. Nd4 Rf2 48. hxg5 Rxb2 49. gxf6 gxf6 50. Bd6 Ke8 51. Nb5 Kd7 52. Bf4 a6
53. Nd4 Ra2 54. Kb3 Ra1 55. Nc2 Rb1+ 56. Ka2 Rd1 57. Kb3 Rb1+ 58. Kc3 a5 59.
Nd4 Ra1 60. Kb3 Rd1 61. Kc4 Ra1 62. Nb5 Kc6 63. Nd4+ Kd7 64. Nc2 Rb1 65. Nd4
Ra1 1/2-1/2

[Event "BL 1516 Turm Emsdetten - SV Mülheim No"]
[Site "?"]
[Date "2016.04.10"]
[Round "13.5"]
[White "Hausrath, Daniel"]
[Black "Janssen, Ruud"]
[Result "1/2-1/2"]
[WhiteElo "2501"]
[BlackElo "2493"]
[PlyCount "178"]
[EventDate "2016.??.??"]

1. Nf3 Nf6 2. g3 b5 3. Bg2 Bb7 4. O-O e6 5. d3 c5 6. e4 d6 7. a4 b4 8. Nbd2 Nc6
9. Nc4 Qc7 10. a5 Rd8 11. a6 Ba8 12. Re1 Be7 13. c3 O-O 14. Qc2 h6 15. Bf4 Nd7
16. h4 Nb6 17. Ne3 bxc3 18. bxc3 Ne5 19. Bxe5 dxe5 20. c4 Nd7 21. Nd1 Nb8 22.
Nc3 Nc6 23. Nb5 Qd7 24. Red1 Rb8 25. Qe2 Rb6 26. Ra3 Rfb8 27. Bf1 Bd6 28. Rc1
Nb4 29. Qb2 Nc6 30. Qe2 Qe7 31. Bg2 Nb4 32. Qb2 f6 33. Qe2 Bc6 34. h5 Rxa6 35.
Rxa6 Nxa6 36. Ra1 Rb6 37. Bh3 Bb8 38. Nh4 Be8 39. Ng6 Bxg6 40. hxg6 Nb4 41. Ra3
a6 42. Nc3 Bc7 43. Na4 Rc6 44. Rb3 a5 45. Kg2 Kf8 46. Bg4 Qe8 47. Bh5 Ke7 48.
Nc3 Ra6 49. Qe3 Bd6 50. Qe2 Qd8 51. Bg4 Bc7 52. Nb5 Bd6 53. Nc3 Rb6 54. Bh3 Bc7
55. Na4 Rc6 56. Nc3 Qe8 57. Qg4 Kf8 58. Nb5 Bb6 59. Rb1 Nc2 60. Qd1 Nb4 61. Qg4
Qd7 62. Rd1 Ke7 63. Nc3 Rd6 64. Qe2 Qd8 65. Qg4 Qd7 66. Qe2 Qc6 67. Qf3 Rd8 68.
Nb5 Nc2 69. Rb1 Nd4 70. Qd1 Nxb5 71. Rxb5 Rd6 72. Kh2 Qe8 73. Qb3 Qd8 74. Bf1
f5 75. Qb2 Kf6 76. f4 Kxg6 77. fxe5 Rd4 78. exf5+ exf5 79. Rxb6+ Kh7 80. Bh3
Qg5 81. Qf2 f4 82. gxf4 Rxf4 83. Qe2 Qh4 84. Rb2 g5 85. Qg2 g4 86. Rb7+ Kh8 87.
Rb8+ Kh7 88. Rb7+ Kh8 89. Rb8+ Kg7 1/2-1/2

[Event "BL 1516 Turm Emsdetten - SV Mülheim No"]
[Site "?"]
[Date "2016.04.10"]
[Round "13.6"]
[White "Fiebig, Thomas"]
[Black "Feygin, Michael"]
[Result "1/2-1/2"]
[WhiteElo "2429"]
[BlackElo "2471"]
[PlyCount "62"]
[EventDate "2016.??.??"]

1. e4 d5 2. exd5 Qxd5 3. Nc3 Qd6 4. d4 Nf6 5. Nf3 c6 6. Ne5 Nbd7 7. Nc4 Qc7 8.
Be2 Nb6 9. O-O Nxc4 10. Bxc4 Bg4 11. Be2 Bxe2 12. Qxe2 e6 13. h3 Be7 14. Rd1
O-O 15. b3 Rfd8 16. Bb2 Rd7 17. Rd2 Rad8 18. Rad1 Qf4 19. g3 Qf5 20. Kg2 Bb4
21. Rd3 h5 22. Qf3 Qg6 23. h4 Bxc3 24. Bxc3 Nd5 25. Ba5 b6 26. Bd2 Ne7 27. Bg5
f6 28. Bc1 Kf7 29. Bb2 Qf5 30. Qxf5 Nxf5 31. Kf3 Rd5 1/2-1/2

[Event "BL 1516 Turm Emsdetten - SV Mülheim No"]
[Site "?"]
[Date "2016.04.10"]
[Round "13.7"]
[White "Saltaev, Mihail"]
[Black "Zumsande, Martin"]
[Result "1-0"]
[WhiteElo "2483"]
[BlackElo "2483"]
[PlyCount "83"]
[EventDate "2016.??.??"]

1. e4 e6 2. d4 d5 3. Nd2 Be7 4. Bd3 c5 5. dxc5 Nf6 6. Qe2 O-O 7. Ngf3 a5 8. O-O
Na6 9. exd5 exd5 10. Nb3 Re8 11. Bb5 Bd7 12. Bxd7 Qxd7 13. h3 Bf8 14. Be3 a4
15. Nbd4 Bxc5 16. c3 Ne4 17. Qd3 Nc7 18. Rad1 Ra6 19. Nc2 Rg6 20. Nh4 Rge6 21.
Bd4 Rh6 22. Nf3 Bd6 23. Rfe1 Qf5 24. Ne3 Qh5 25. Kf1 Rhe6 26. Bb6 Nf6 27. Nd4
Re4 28. f3 Rh4 29. Ndf5 Rxh3 30. Nxd6 Ne6 31. Nxd5 Rh1+ 32. Bg1 Qh2 33. Nxf6+
gxf6 34. Qe3 Ra8 35. Nf5 Qc7 36. Nd4 Nf4 37. Kf2 h5 38. Nf5 h4 39. Rd4 Ng6 40.
Rg4 Rd8 41. Qh6 Qb6+ 42. Rd4 1-0

[Event "BL 1516 Turm Emsdetten - SV Mülheim No"]
[Site "?"]
[Date "2016.04.10"]
[Round "13.8"]
[White "Richter, Christian"]
[Black "Dinstuhl, Volkmar"]
[Result "1/2-1/2"]
[WhiteElo "2356"]
[BlackElo "2404"]
[PlyCount "60"]
[EventDate "2016.??.??"]

1. d4 d5 2. Nf3 Nf6 3. c4 dxc4 4. e3 e6 5. Bxc4 a6 6. O-O b5 7. Bb3 Bb7 8. Qe2
c5 9. dxc5 Bxc5 10. Nbd2 Nc6 11. Bc2 O-O 12. a3 Rc8 13. Nb3 Bb6 14. e4 e5 15.
Bd3 Qd6 16. Be3 Bxe3 17. Qxe3 Nd4 18. Nfxd4 exd4 19. Qg3 Qxg3 20. hxg3 Bxe4 21.
Bxe4 Nxe4 22. Nxd4 Rfd8 23. Rac1 Rxc1 24. Rxc1 g6 25. Nf3 Rd3 26. Kf1 Nd6 27.
Rc2 Nc4 28. a4 Rb3 29. axb5 axb5 30. Nd4 Rxb2 1/2-1/2

[Event "BL 1516 SG Solingen - Schachfr. Berlin"]
[Site "?"]
[Date "2016.04.10"]
[Round "13.1"]
[White "Kraemer, Martin"]
[Black "Rapport, Richard"]
[Result "1/2-1/2"]
[WhiteElo "2570"]
[BlackElo "2717"]
[PlyCount "117"]
[EventDate "2016.??.??"]

1. d4 e6 2. c4 Bb4+ 3. Bd2 c5 4. Nf3 Nf6 5. e3 O-O 6. Be2 a5 7. Nc3 b6 8. a3
Bxc3 9. Bxc3 a4 10. O-O Bb7 11. Qd3 Be4 12. Qd2 Bf5 13. Bd3 Bg4 14. d5 exd5 15.
cxd5 d6 16. Ng5 Nbd7 17. f3 Bh5 18. Nh3 Ne8 19. e4 Nc7 20. g4 Bg6 21. f4 f6 22.
Rae1 b5 23. Kh1 Bf7 24. Rg1 Re8 25. Rg3 Qb8 26. f5 Nxd5 27. exd5 Bxd5+ 28. Kg1
Qb6 29. Rge3 Rxe3 30. Qxe3 Bf7 31. g5 Re8 32. Qf2 Rxe1+ 33. Bxe1 Ne5 34. Be2 d5
35. gxf6 gxf6 36. Nf4 d4 37. Qg2+ Kf8 38. Qa8+ Kg7 39. Qg2+ Kf8 40. Qa8+ Kg7
41. Ba5 Qc6 42. Qxc6 Nxc6 43. Bb6 c4 44. Bd1 c3 45. bxc3 dxc3 46. Ne2 b4 47.
axb4 a3 48. Nxc3 Nxb4 49. Nb5 a2 50. Bd4 Bc4 51. Nd6 Bd3 52. Bb2 Bc2 53. Bf3
Nd3 54. Bc3 Nc1 55. Ne8+ Kf8 56. Nxf6 Bxf5 57. Bd1 Bc2 58. Bf3 Nb3 59. Bd5
1/2-1/2

[Event "BL 1516 SG Solingen - Schachfr. Berlin"]
[Site "?"]
[Date "2016.04.10"]
[Round "13.2"]
[White "Ragger, Markus"]
[Black "Mista, Aleksander"]
[Result "1/2-1/2"]
[WhiteElo "2697"]
[BlackElo "2577"]
[PlyCount "58"]
[EventDate "2016.??.??"]

1. d4 d5 2. c4 c5 3. cxd5 Qxd5 4. Nf3 cxd4 5. Nc3 Qa5 6. Nxd4 Nf6 7. g3 e5 8.
Nb3 Qc7 9. Bg2 Bb4 10. Bg5 Bxc3+ 11. bxc3 O-O 12. O-O Nbd7 13. Qd3 h6 14. Be3
Nb6 15. Rfd1 Be6 16. Bc5 Rfd8 17. Bd6 Qc8 18. Qb5 e4 19. Na5 Nc4 20. Be7 Rd5
21. Rxd5 Nxd5 22. Qxc4 Nxe7 23. Qxc8+ Rxc8 24. Nxb7 f5 25. g4 g6 26. gxf5 gxf5
27. Nd6 Rxc3 28. Nb5 Rc2 29. Nxa7 Rxa2 1/2-1/2

[Event "BL 1516 SG Solingen - Schachfr. Berlin"]
[Site "?"]
[Date "2016.04.10"]
[Round "13.3"]
[White "Piorun, Kacper"]
[Black "L'Ami, Erwin"]
[Result "1-0"]
[WhiteElo "2657"]
[BlackElo "2614"]
[PlyCount "75"]
[EventDate "2016.??.??"]

1. e4 e5 2. Nf3 Nc6 3. Bc4 Nf6 4. d3 Bc5 5. c3 O-O 6. O-O d6 7. Bg5 h6 8. Bh4
g5 9. Bg3 Bg4 10. Nbd2 a6 11. a4 Ba7 12. a5 Nd7 13. b4 Ne7 14. Qb3 Ng6 15. h3
Bxf3 16. Nxf3 h5 17. Qd1 Kg7 18. d4 g4 19. hxg4 hxg4 20. Nh2 Nf6 21. Re1 Rh8
22. Nxg4 exd4 23. cxd4 Nxg4 24. Qxg4 Bxd4 25. Rad1 Qf6 26. Rd3 Raf8 27. Qf5 Rh6
28. Qxf6+ Bxf6 29. f4 Rfh8 30. e5 Be7 31. Re4 Rh5 32. Bb3 Rh1+ 33. Kf2 Rb1 34.
exd6 Rb2+ 35. Kf3 Bxd6 36. f5 Rh1 37. Bxd6 Rf1+ 38. Ke3 1-0

[Event "BL 1516 SG Solingen - Schachfr. Berlin"]
[Site "?"]
[Date "2016.04.10"]
[Round "13.4"]
[White "Van Kampen, Robin"]
[Black "Dvirnyy, Daniyyl"]
[Result "1-0"]
[WhiteElo "2643"]
[BlackElo "2555"]
[PlyCount "63"]
[EventDate "2016.??.??"]

1. e4 e5 2. Nf3 Nc6 3. Bc4 Bc5 4. O-O d6 5. c3 Bb6 6. d3 Nf6 7. a4 O-O 8. Re1
a5 9. Na3 Ne7 10. Bb3 c6 11. Nc4 Bc7 12. Bg5 Ng6 13. Nh4 Nxh4 14. Bxh4 Be6 15.
d4 h6 16. Ne3 g5 17. Bg3 Nxe4 18. Bxe6 fxe6 19. Qc2 d5 20. f3 Nf6 21. Qg6+ Kh8
22. Qxh6+ Nh7 23. Ng4 exd4 24. Rxe6 Bxg3 25. hxg3 dxc3 26. bxc3 Qc7 27. Ne5
Rfe8 28. Qg6 Qxe5 29. Rxe5 Rxe5 30. Qf7 Rb8 31. Qc7 Ree8 32. Kf2 1-0

[Event "BL 1516 SG Solingen - Schachfr. Berlin"]
[Site "?"]
[Date "2016.04.10"]
[Round "13.5"]
[White "Lauber, Arnd"]
[Black "Smeets, Jan"]
[Result "1/2-1/2"]
[WhiteElo "2436"]
[BlackElo "2604"]
[PlyCount "105"]
[EventDate "2016.??.??"]

1. d4 Nf6 2. c4 e6 3. Nc3 Bb4 4. Nf3 c5 5. e3 b6 6. Bd2 Bxc3 7. Bxc3 Ne4 8. Qc2
Nxc3 9. Qxc3 O-O 10. Be2 Bb7 11. O-O Qe7 12. Rfd1 Rd8 13. a3 a5 14. b3 Na6 15.
dxc5 Qxc5 16. Rdb1 Nc7 17. b4 axb4 18. axb4 Qc6 19. Qd4 d6 20. b5 Qc5 21. Qxc5
bxc5 22. Nd2 Rxa1 23. Rxa1 Ra8 24. Rxa8+ Nxa8 25. f4 Kf8 26. Kf2 Ke7 27. Bf3
Bxf3 28. Kxf3 f5 29. e4 fxe4+ 30. Kxe4 Nb6 31. f5 h5 32. fxe6 Kxe6 33. Kd3 d5
34. Kc3 Ke5 35. Nf3+ Kd6 36. Nd2 g5 37. Kd3 g4 38. cxd5 Kxd5 39. Ne4 c4+ 40.
Ke3 Ke5 41. Nc3 h4 42. h3 g3 43. Ne2 Nd5+ 44. Kf3 c3 45. b6 Nxb6 46. Nxc3 Nc4
47. Kg4 Ne3+ 48. Kxh4 Nxg2+ 49. Kxg3 Nf4 50. h4 Ng6 51. h5 Nf4 52. h6 Kf6 53.
Kxf4 1/2-1/2

[Event "BL 1516 SG Solingen - Schachfr. Berlin"]
[Site "?"]
[Date "2016.04.10"]
[Round "13.6"]
[White "Sandipan, Chanda"]
[Black "Agopov, Mikael"]
[Result "1-0"]
[WhiteElo "2585"]
[BlackElo "2444"]
[PlyCount "119"]
[EventDate "2016.??.??"]

1. d4 Nf6 2. c4 g6 3. Nc3 d5 4. Nf3 Bg7 5. cxd5 Nxd5 6. e4 Nxc3 7. bxc3 c5 8.
Be3 Qa5 9. Qd2 Nc6 10. Rb1 a6 11. Rc1 cxd4 12. cxd4 Qxd2+ 13. Kxd2 e6 14. h4
O-O 15. Bd3 Bd7 16. h5 Rfc8 17. e5 Nb4 18. Bb1 Nd5 19. hxg6 hxg6 20. Be4 Bf8
21. Bxd5 Bb4+ 22. Kd1 exd5 23. Bg5 Rxc1+ 24. Kxc1 Rc8+ 25. Kb2 Bf8 26. Bf6 Bg7
27. Bxg7 Kxg7 28. Ng5 Be6 29. Rh7+ Kg8 30. Rh4 a5 31. g3 Rc4 32. Nh7 Kg7 33.
Nf6 g5 34. Rh5 g4 35. Nxg4 Bxg4 36. Rg5+ Kf8 37. Rxg4 b5 38. a3 Ke7 39. Rf4 Ra4
40. Kb3 Rc4 41. g4 Ke6 42. g5 Ke7 43. Rh4 Ra4 44. Rg4 Rc4 45. Kb2 Ra4 46. Rh4
Rc4 47. f3 Kf8 48. Rh8+ Ke7 49. f4 Rxd4 50. f5 Rg4 51. f6+ Kd7 52. Rf8 Rxg5 53.
Rxf7+ Ke8 54. Re7+ Kf8 55. Kc3 Rg4 56. Rd7 b4+ 57. axb4 axb4+ 58. Kd3 Rf4 59.
Rxd5 Kf7 60. Rd4 1-0

[Event "BL 1516 SG Solingen - Schachfr. Berlin"]
[Site "?"]
[Date "2016.04.10"]
[Round "13.7"]
[White "Berndt, Stephan"]
[Black "Nikolic, Predrag"]
[Result "0-1"]
[WhiteElo "2430"]
[BlackElo "2622"]
[PlyCount "132"]
[EventDate "2016.??.??"]

1. e4 e6 2. d4 d5 3. Nc3 Bb4 4. e5 c5 5. a3 Bxc3+ 6. bxc3 Qc7 7. Nf3 b6 8. Bb5+
Bd7 9. Bd3 c4 10. Be2 Ba4 11. h4 Nc6 12. h5 h6 13. O-O O-O-O 14. Nh4 Nge7 15.
Bg4 Qd7 16. g3 Kb7 17. Ra2 Rdg8 18. Bh3 g6 19. Qf3 Nf5 20. Nxf5 exf5 21. Bg2
Rd8 22. Re1 Qe6 23. Bd2 g5 24. Qe2 a5 25. f4 g4 26. Kf2 Ka6 27. Qf1 Rhe8 28.
Qh1 Ne7 29. Qh4 Ng8 30. Re3 Qd7 31. Re1 Re6 32. Re3 Ne7 33. Re1 Nc8 34. Qh1 Na7
35. Rb1 Nb5 36. Re1 Nc7 37. Re3 Rde8 38. Re1 f6 39. Qh4 Qf7 40. Kg1 R8e7 41.
Qh1 Rd7 42. Kf2 Rd8 43. Rb2 Ka7 44. Ra2 Qf8 45. Kg1 Re7 46. Kf2 Qf7 47. Kg1 Ne8
48. Qh4 Re6 49. Qh1 Bc6 50. Raa1 Ng7 51. exf6 Rxf6 52. Re5 Rd7 53. Rae1 Nxh5
54. Kf2 Ng7 55. a4 Ne6 56. Bc1 Nc7 57. Ba3 Qg6 58. Re7 Rf7 59. Rxf7 Rxf7 60.
Re5 Rd7 61. Qh4 Bxa4 62. Re7 Qc6 63. Rxd7 Qxd7 64. Qxh6 Nb5 65. Qf8 Bxc2 66.
Bc5 Be4 0-1

[Event "BL 1516 SG Solingen - Schachfr. Berlin"]
[Site "?"]
[Date "2016.04.10"]
[Round "13.8"]
[White "Naumann, Alexander"]
[Black "Baldauf, Marco"]
[Result "1/2-1/2"]
[WhiteElo "2555"]
[BlackElo "2413"]
[PlyCount "156"]
[EventDate "2016.??.??"]

1. d4 Nf6 2. c4 g6 3. g3 c5 4. Nf3 Bg7 5. Bg2 O-O 6. Nc3 cxd4 7. Nxd4 Qc7 8.
Nd5 Nxd5 9. cxd5 Qb6 10. Nb3 d6 11. O-O Na6 12. Rb1 Bd7 13. Be3 Qb4 14. a3 Qa4
15. Bd4 Bxd4 16. Nxd4 Qxd1 17. Rfxd1 Nc7 18. e4 Rfc8 19. f4 Kf8 20. Rbc1 Ne8
21. Kf2 Rxc1 22. Rxc1 Rc8 23. Rxc8 Bxc8 24. Ke3 Bd7 25. Ne2 Nc7 26. Bf3 h5 27.
Kd4 Bb5 28. Nc3 Bf1 29. Be2 Bxe2 30. Nxe2 e6 31. Nc3 exd5 32. Nxd5 Ne6+ 33. Kc4
Ke8 34. b4 Kd7 35. a4 Ng7 36. h3 f5 37. Kd3 Ke6 38. Nc7+ Kd7 39. Nb5 a6 40. Nd4
Ke7 41. Ke3 Kf6 42. Nb3 fxe4 43. Kxe4 Nf5 44. g4 hxg4 45. hxg4 Ne7 46. b5 axb5
47. axb5 d5+ 48. Kd4 b6 49. Nd2 Ke6 50. Nf3 Nc8 51. Ne5 Nd6 52. Nxg6 Nxb5+ 53.
Kd3 Nd6 54. Ne5 Ne4 55. Ke3 b5 56. Nd3 Kf6 57. Nb4 Ke6 58. f5+ Ke5 59. Nd3+ Kf6
60. Kf4 Ng5 61. Nb4 Nh3+ 62. Kg3 Ng5 63. Nxd5+ Ke5 64. Nb4 Ne4+ 65. Kf3 Nd6 66.
Nc6+ Kd5 67. Ne7+ Ke5 68. Ng6+ Kd4 69. Ne7 Ke5 70. Nc6+ Kd5 71. Nb4+ Ke5 72.
Nd3+ Kd4 73. Ke2 Ke4 74. f6 Nf7 75. Kd2 Kf3 76. Kc3 Kxg4 77. Kb4 Kf5 78. Kxb5
Nd6+ 1/2-1/2

[Event "BL 1516 SG Turm Trier - USV TU Dresden"]
[Site "?"]
[Date "2016.04.10"]
[Round "13.1"]
[White "Gajewski, Grzegorz"]
[Black "Erdos, Viktor"]
[Result "1/2-1/2"]
[WhiteElo "2627"]
[BlackElo "2577"]
[PlyCount "116"]
[EventDate "2016.??.??"]

1. c4 e5 2. g3 Nf6 3. Bg2 c6 4. Nf3 e4 5. Nd4 d5 6. d3 Bb4+ 7. Nc3 Qe7 8. O-O
dxc4 9. Nxe4 Nxe4 10. dxe4 Bc5 11. Be3 O-O 12. Qc2 Bxd4 13. Bxd4 c5 14. Be3 Be6
15. e5 Nc6 16. Bxc6 bxc6 17. f4 Bd5 18. Bf2 f5 19. exf6 Rxf6 20. Rfe1 Re6 21.
e4 Bxe4 22. Qxc4 Bd5 23. Qxc5 Qd7 24. Bd4 Rae8 25. Be5 Qf7 26. Rad1 a6 27. a3
h5 28. Re3 Qf5 29. b4 h4 30. Qc3 Rg6 31. Qd3 Qh5 32. f5 hxg3 33. Rxg3 Rxg3+ 34.
Bxg3 Re2 35. Rd2 Rxd2 36. Qxd2 Qf3 37. a4 Kf7 38. a5 Kg8 39. Bf4 Qg4+ 40. Kf2
Qg2+ 41. Ke3 Qe4+ 42. Kf2 Qxf5 43. Ke1 Qe4+ 44. Kd1 Qb1+ 45. Ke2 Qe4+ 46. Kd1
Qf3+ 47. Kc1 Qa3+ 48. Qb2 Qd3 49. Qd2 Qc4+ 50. Kb1 Qf1+ 51. Kb2 Qc4 52. Kb1 Kf7
53. Be3 Qb3+ 54. Kc1 Qa3+ 55. Kd1 Qa1+ 56. Ke2 Qe5 57. Kd1 Qa1+ 58. Ke2 Qe5
1/2-1/2

[Event "BL 1516 SG Turm Trier - USV TU Dresden"]
[Site "?"]
[Date "2016.04.10"]
[Round "13.2"]
[White "Graf, Felix"]
[Black "Bartel, Mateusz"]
[Result "1/2-1/2"]
[WhiteElo "2475"]
[BlackElo "2634"]
[PlyCount "85"]
[EventDate "2016.??.??"]

1. d4 e6 2. c4 Bb4+ 3. Nd2 Nf6 4. a3 Be7 5. e4 O-O 6. e5 Ne8 7. Bd3 d6 8. Ndf3
c5 9. Nh3 f5 10. exd6 Nxd6 11. dxc5 Nf7 12. Bc2 Qxd1+ 13. Bxd1 a5 14. Nhg5 Nxg5
15. Bxg5 Bxg5 16. Nxg5 Nd7 17. f4 Nxc5 18. Bc2 b6 19. O-O-O a4 20. Rd6 Ba6 21.
Nxe6 Rf6 22. Nc7 Rxd6 23. Nxa8 Rc6 24. Rd1 Bxc4 25. Rd8+ Kf7 26. Kd2 Nb3+ 27.
Bxb3 Bxb3 28. Ke3 b5 29. Rd7+ Ke6 30. Rxg7 Kd6 31. Rxh7 Rc2 32. Rh6+ Kc5 33.
Nc7 Bd5 34. Nxd5 Kxd5 35. g4 Rxb2 36. g5 Rb3+ 37. Kf2 Rxa3 38. Rb6 Ke4 39. Rxb5
Kxf4 40. g6 Ra2+ 41. Kf1 Rc2 42. g7 Rc8 43. Ra5 1/2-1/2

[Event "BL 1516 SG Turm Trier - USV TU Dresden"]
[Site "?"]
[Date "2016.04.10"]
[Round "13.3"]
[White "Socko, Bartosz"]
[Black "Jaracz, Pawel"]
[Result "1/2-1/2"]
[WhiteElo "2584"]
[BlackElo "2485"]
[PlyCount "51"]
[EventDate "2016.??.??"]

1. d4 d5 2. c4 c6 3. Nf3 Nf6 4. e3 a6 5. Bd3 Bg4 6. Qb3 Bxf3 7. gxf3 Qc7 8. f4
dxc4 9. Bxc4 e6 10. Nc3 c5 11. dxc5 Nbd7 12. Bd2 Nxc5 13. Qc2 Rc8 14. Rc1 Be7
15. O-O O-O 16. Rfd1 b5 17. Be2 Nce4 18. Qd3 Nxd2 19. Nd5 Qb7 20. Nxe7+ Qxe7
21. Rxc8 Rxc8 22. Rxd2 g6 23. Bf3 Kg7 24. Qd6 Qxd6 25. Rxd6 Rc2 26. Rxa6
1/2-1/2

[Event "BL 1516 SG Turm Trier - USV TU Dresden"]
[Site "?"]
[Date "2016.04.10"]
[Round "13.4"]
[White "Cyborowski, Lukasz"]
[Black "Maiwald, Jens-Uwe"]
[Result "1/2-1/2"]
[WhiteElo "2512"]
[BlackElo "2454"]
[PlyCount "45"]
[EventDate "2016.??.??"]

1. c4 e5 2. Nc3 d6 3. g3 Be7 4. Bg2 f5 5. d3 Nf6 6. Nf3 O-O 7. O-O Qe8 8. d4 e4
9. Ng5 h6 10. Nh3 c6 11. f3 exf3 12. exf3 Qf7 13. b3 Na6 14. Re1 Bd7 15. Nf4
Rfe8 16. d5 Bf8 17. dxc6 bxc6 18. Be3 d5 19. Bf2 Rxe1+ 20. Bxe1 d4 21. Nce2 c5
22. Nd3 Re8 23. Bf2 1/2-1/2

[Event "BL 1516 SG Turm Trier - USV TU Dresden"]
[Site "?"]
[Date "2016.04.10"]
[Round "13.5"]
[White "Loxine, Jakov"]
[Black "Bobras, Piotr"]
[Result "1/2-1/2"]
[WhiteElo "2405"]
[BlackElo "2525"]
[PlyCount "45"]
[EventDate "2016.??.??"]

1. Nf3 Nf6 2. c4 g6 3. Nc3 Bg7 4. e4 d6 5. d4 O-O 6. h3 Na6 7. Bg5 Qe8 8. g4 c5
9. Bg2 Bd7 10. Rc1 b5 11. cxb5 Bxb5 12. a4 Bc6 13. d5 Bb7 14. O-O Nb4 15. Re1
e5 16. Nb5 Qd7 17. Rc3 Ne8 18. Nd2 f5 19. Nc4 fxe4 20. Bxe4 Bf6 21. Bxf6 Rxf6
22. Rf3 Rxf3 23. Qxf3 1/2-1/2

[Event "BL 1516 SG Turm Trier - USV TU Dresden"]
[Site "?"]
[Date "2016.04.10"]
[Round "13.6"]
[White "Gonda, Laszlo"]
[Black "Neef, Maximilian"]
[Result "1/2-1/2"]
[WhiteElo "2521"]
[BlackElo "2438"]
[PlyCount "127"]
[EventDate "2016.??.??"]

1. d4 Nf6 2. c4 g6 3. g3 Bg7 4. Bg2 O-O 5. Nc3 d6 6. Nf3 Nc6 7. O-O a6 8. Bf4
Rb8 9. Rc1 Bd7 10. a3 Re8 11. d5 Na7 12. b4 e5 13. Bd2 e4 14. Ne1 e3 15. Bxe3
Rxe3 16. fxe3 Ng4 17. Qd2 Qe7 18. Rf4 Bh6 19. Nd1 Re8 20. Re4 Ne5 21. Nd3 Bf5
22. Rf4 Ng4 23. Rc3 Bxf4 24. Nxf4 Nc8 25. Bf3 Nf6 26. Nf2 Nb6 27. Ng2 Nbd7 28.
g4 Ne4 29. Qd4 Qf6 30. Nxe4 Bxe4 31. Qxf6 Nxf6 32. g5 Nd7 33. Kf2 h6 34. gxh6
Kh7 35. h4 Kxh6 36. Nf4 Nf6 37. Rc1 a5 38. c5 axb4 39. axb4 Re7 40. Ra1 dxc5
41. bxc5 Rd7 42. Rd1 g5 43. hxg5+ Kxg5 44. Rg1+ Kh6 45. Rh1+ Kg5 46. Rh8 Kf5
47. Nh5 Bxf3 48. exf3 Nxh5 49. Rxh5+ Kg6 50. Re5 f6 51. Re6 Rxd5 52. c6 Rb5 53.
cxb7 Rxb7 54. Rc6 Kf7 55. Kg3 Ra7 56. Kg4 Rb7 57. e4 Ra7 58. f4 Rb7 59. Kf5
Rb5+ 60. e5 fxe5 61. fxe5 Rb6 62. Rxc7+ Ke8 63. e6 Rb1 64. Kf6 1/2-1/2

[Event "BL 1516 SG Turm Trier - USV TU Dresden"]
[Site "?"]
[Date "2016.04.10"]
[Round "13.7"]
[White "Roos, Michael"]
[Black "Seger, Ruediger"]
[Result "1/2-1/2"]
[WhiteElo "2362"]
[BlackElo "2364"]
[PlyCount "40"]
[EventDate "2016.??.??"]

1. Nf3 Nf6 2. c4 g6 3. Nc3 d5 4. cxd5 Nxd5 5. Qa4+ Bd7 6. Qh4 Nxc3 7. dxc3 Nc6
8. e4 e5 9. Bg5 Be7 10. Bc4 h5 11. Bxe7 Qxe7 12. Qg3 h4 13. Qg5 Qxg5 14. Nxg5
Nd8 15. O-O-O f6 16. Nf7 Nxf7 17. Bxf7+ Ke7 18. Rd2 g5 19. Rhd1 Rad8 20. f3 Bc8
1/2-1/2

[Event "BL 1516 SG Turm Trier - USV TU Dresden"]
[Site "?"]
[Date "2016.04.10"]
[Round "13.8"]
[White "Cioara, Andrei-Nestor"]
[Black "Hoffmann, Paul"]
[Result "1/2-1/2"]
[WhiteElo "2422"]
[BlackElo "2364"]
[PlyCount "41"]
[EventDate "2016.??.??"]

1. d4 Nf6 2. c4 e6 3. g3 Bb4+ 4. Bd2 Qe7 5. Bg2 Nc6 6. e3 Bxd2+ 7. Nxd2 e5 8.
d5 Nb8 9. Ne2 a5 10. O-O O-O 11. Rb1 d6 12. Qc2 Nbd7 13. Nc3 h5 14. h3 Nh7 15.
Rbe1 f5 16. f4 Nc5 17. h4 e4 18. Re2 c6 19. Nb3 Nd3 20. Nc1 Nc5 21. Nb3 1/2-1/2

[Event "BL 1516 Hamburger SK - SV Hockenheim"]
[Site "?"]
[Date "2016.04.10"]
[Round "13.1"]
[White "Wagner, Dennis"]
[Black "Kempinski, Robert"]
[Result "1-0"]
[WhiteElo "2574"]
[BlackElo "2623"]
[PlyCount "81"]
[EventDate "2016.??.??"]

1. d4 d6 2. Nf3 g6 3. c4 Bg7 4. Nc3 Bg4 5. e3 c5 6. Be2 cxd4 7. exd4 Nc6 8. h3
Bxf3 9. Bxf3 Nxd4 10. Bxb7 Rb8 11. Be4 Qd7 12. O-O Ne6 13. Bc2 Qc8 14. Be3 Rxb2
15. Qd2 Rb4 16. Nd5 Rxc4 17. Rac1 Nf6 18. Ba4+ Kf8 19. Nxf6 Bxf6 20. Rxc4 Qxc4
21. Rc1 Qa6 22. Bh6+ Bg7 23. Rc6 Qxa4 24. Rc8+ Qe8 25. Qc3 Rg8 26. Rxe8+ Kxe8
27. Qc6+ Kd8 28. Qa8+ Kd7 29. Qxg8 Bxh6 30. Qxh7 Bg7 31. Qg8 g5 32. Qxf7 d5 33.
Qf5 Kd6 34. g3 Bf6 35. Kf1 Nc5 36. h4 gxh4 37. gxh4 Ne4 38. h5 e6 39. Qg6 Bd4
40. h6 Nxf2 41. Qg3+ 1-0

[Event "BL 1516 Hamburger SK - SV Hockenheim"]
[Site "?"]
[Date "2016.04.10"]
[Round "13.2"]
[White "Svane, Rasmus"]
[Black "Saric, Ivan"]
[Result "1/2-1/2"]
[WhiteElo "2529"]
[BlackElo "2654"]
[PlyCount "148"]
[EventDate "2016.??.??"]

1. d4 Nf6 2. c4 g6 3. Nc3 Bg7 4. e4 d6 5. Nf3 O-O 6. Be2 e5 7. Be3 Qe8 8. dxe5
Ng4 9. Bg5 Nxe5 10. O-O Nxf3+ 11. Bxf3 Qe5 12. Be3 Nc6 13. Rc1 Be6 14. Nd5 Qxb2
15. Nxc7 Rad8 16. Nxe6 fxe6 17. Rb1 Qxa2 18. Rxb7 Qxc4 19. Rc7 Rf7 20. Be2 Qxe4
21. Bf3 Qxf3 22. Qxf3 Rxc7 23. Qg4 Re8 24. Rc1 d5 25. Qa4 Rec8 26. g3 h5 27.
Kg2 Kh7 28. Qa6 e5 29. Bd2 d4 30. Qb5 Ne7 31. Rxc7 Rxc7 32. h3 Nf5 33. Bg5 Nd6
34. Qd5 Nf7 35. Bd2 Nh6 36. Bg5 Nf7 37. Bd2 Nh6 38. Qe4 Ng8 39. Bg5 Rf7 40. Qd5
Rf5 41. Bd8 Nf6 42. Qc6 d3 43. Ba5 e4 44. Bc3 a5 45. g4 hxg4 46. hxg4 Rf4 47.
g5 Nh5 48. Bxg7 Nxg7 49. Qa4 Rf7 50. Qxa5 Ne6 51. Qa2 Nxg5 52. Qd5 Rf5 53. Qd4
Kh6 54. Kg3 Rf3+ 55. Kg2 Kh5 56. Qh8+ Kg4 57. Qc8+ Rf5 58. Qd7 Nf3 59. Qe6 Kf4
60. Qd6+ Ne5 61. Qb6 Rg5+ 62. Kf1 Kf5 63. Qc5 Rh5 64. Kg2 d2 65. Qd5 e3 66.
fxe3 Kf6 67. Qd6+ Kf7 68. Qd5+ Kg7 69. Qd4 Kh7 70. Kg3 Nc4 71. Qxc4 Rg5+ 72.
Kh4 Rh5+ 73. Kg3 Rg5+ 74. Kh4 Rh5+ 1/2-1/2